Z problému transformácie urobili doplnkové poisťovne výhodu

Pokles a nárast počtu klientov v doplnkových dôchodkových poisťovniach (DDP). Obava z transformácie poisťovní. Keď sa pravidlá transformácie ujasnili koncom roku 2004, narástol počet klientov. Snaha získať väčšie daňové zvýhodnenie. Dôvody prečo by si mali obyvatelia sporiť v DDP. Flexibilnosť dobro...

Ausführliche Beschreibung

Gespeichert in:
Bibliographische Detailangaben
1. Verfasser: Záborský, Ján
Format: Buchkapitel
Sprache:Slowakisch
Schlagworte:
Tags: Tag hinzufügen
Keine Tags, Fügen Sie das erste Tag hinzu!

MARC

LEADER 00000naa$a2200000$$$4500
001 0028312
005 20231009081326.2
041 0 |a slo 
044 |a SK 
245 1 0 |a Z problému transformácie urobili doplnkové poisťovne výhodu  |c Ján Záborský 
520 |a Pokles a nárast počtu klientov v doplnkových dôchodkových poisťovniach (DDP). Obava z transformácie poisťovní. Keď sa pravidlá transformácie ujasnili koncom roku 2004, narástol počet klientov. Snaha získať väčšie daňové zvýhodnenie. Dôvody prečo by si mali obyvatelia sporiť v DDP. Flexibilnosť dobrovoľného piliera. 
610 2 0 |a poisťovne 
610 2 0 |a poisťovne dôchodkové doplnkové 
610 2 0 |a poistenie dôchodkové doplnkové 
610 2 0 |a transformácia 
610 2 0 |a klienti 
610 2 0 |a zvýhodnenie daňové 
100 1 |a Záborský, Ján